000
00253nam a2200109Ia 4500
008
220204s9999 xx 000 0 und d
082
_a
82-34
_b
FAI
100
_a
Kathleen
245
0
_a
African fairy tales
260
_a
Bombay
_b
Somiaya
_c
1969
942
_c
BK
999
_c
31129
_d
31129